00930nam a22002777a 45000010005000000030006000050050017000110080041000280200018000690400029000870500014001160820008001301000017001382450045001552500031002002600042002313000049002734900021003225050008003435200150003515210023005015210020005246500039005446500038005837000031006215728FISKH20250116162952.0250116b cb ||||| |||| 00| 0 eng d a9781856978118 aFISKHbengcFISKHdFISKH aQB500.B43 a520 aBeasant, Pam a1000 facts about space /cby Pam Beasant aFirst American editon 1992 aNew York :bKingfisher Books ;c1992. a47 pages : bcolor illustrations ; c29 cm . a1000 Facts About aX  aText and illustrations present information about such space-related topics as gallaxies, stars, the planets, moon landings, and modern astronomy.8 a870 bLexile IG 8 aX bRaz-Plus  aOuter space vJuvenile literature  aAstromnomy vJuvenile literature  aBull, Peter eillustrator